000 00377 a2200169 4500
001 191188
020 _a978-85-7526-543-7
040 _cMagnum
100 _aSrbek, Wellington
240 1 0 _aOs senhor das histórias
_lpor
245 1 0 _aOs senhor das histórias
300 _a22
362 0 _a2011
440 1 _aNemo
697 _aLITERATURA INFANTO-JUVENIL
942 _cBK
999 _c191188
_d191188